| Tag |
First Indicator |
Second Indicator |
Subfields |
| LEADER |
00000cam a2200000 a 4500 |
| 001 |
in00001703621 |
| 005 |
20151024162522.0 |
| 008 |
020722r20021584enk 000 d eng |
| 015 |
|
|
|a GBA2-W5208
|
| 020 |
|
|
|a 0197290418
|
| 035 |
|
|
|a (OCoLC)ocm50099924
|
| 040 |
|
|
|a UKM
|c UKM
|d ORU
|d TXA
|d UtOrBLW
|
| 049 |
|
|
|a TXAM
|
| 082 |
0 |
4 |
|a 822.3
|2 21
|
| 090 |
|
|
|a PR2659.L9
|b S27 2002
|
| 100 |
1 |
|
|a Lyly, John,
|d 1554?-1606.
|
| 245 |
1 |
0 |
|a Sapho and Phao, 1584 /
|c [by John Lyly ; prepared by Leah Scragg].
|
| 264 |
|
1 |
|a Oxford :
|b Published for the Malone Society by Oxford University Press,
|c 2002.
|
| 300 |
|
|
|a xx, 59 pages ;
|c 22 cm.
|
| 336 |
|
|
|a text
|b txt
|2 rdacontent
|
| 337 |
|
|
|a unmediated
|b n
|2 rdamedia
|
| 338 |
|
|
|a volume
|b nc
|2 rdacarrier
|
| 490 |
1 |
|
|a The Malone Society reprints ;
|v v. 165
|
| 500 |
|
|
|a Facsim. of edition published: London : Thomas Cadman, 1584.
|
| 504 |
|
|
|a Includes bibliographical references.
|
| 600 |
1 |
4 |
|a Lyly, John,
|d 1554?-1606.
|t Sapho and Phao.
|
| 700 |
1 |
|
|a Scragg, Leah.
|
| 710 |
2 |
|
|a Malone Society.
|
| 830 |
|
0 |
|a Malone Society reprints ;
|v v. 165.
|
| 994 |
|
|
|a E0
|b TXA
|
| 948 |
|
|
|a cataloged
|b h
|c 2002/10/15
|d c
|e blrosas
|f 3:19:20 pm
|
| 999 |
|
|
|a MARS
|
| 999 |
f |
f |
|s fe7f40c3-3ad9-373d-8d44-95ae9ac79944
|i dd514f62-72f5-3371-97ca-9a239d2981fa
|t 0
|
| 952 |
f |
f |
|p ric
|a Texas A&M University
|b Rellis Campus
|c Joint Library Facility
|d Remote Storage
|t 0
|e PR2659.L9 S27 2002
|h Library of Congress classification
|i unmediated -- volume
|m A14829164917
|
| 998 |
f |
f |
|a PR2659.L9 S27 2002
|t 0
|l Remote Storage
|